000 00467nam a2200133Ia 4500
008 100328s9999 xx 000 0 und d
082 _b72766
100 _aनाटेकर महेंद्र
245 _aशैक्षणिक युद्धभूमीवर
260 _bअथर्व
630 _aशैक्षणिक युद्धभूमीवर
730 _aशैक्षणिक युद्धभूमीवर
942 _cBOOK
999 _c558487
_d558484